| 000 | 00460nam a22001577a 4500 | ||
|---|---|---|---|
| 003 | 0 | ||
| 005 | 20230619143622.0 | ||
| 008 | 230619b xxu||||| |||| 00| 0 eng d | ||
| 020 | _a978-971-996-826-9 | ||
| 082 |
_aFil. 551.5 _b.Co776 2013 |
||
| 245 |
_aUsing air = Paggamit ng hangin _cCooper, Sharon Katz |
||
| 260 |
_aQuezon City _bC&E Publishing, Inc. _cC2013 |
||
| 300 |
_a26pp. _bcol. ill. _c19cm. |
||
| 500 | _aAir-Juvenile Fiction. | ||
| 942 |
_2ddc _cBK |
||
| 999 |
_c365029 _d365029 |
||